[Event "Oberliga Ost-A 2122"]
[Site "Germany"]
[Date "2022.06.19"]
[Round "5.4"]
[White "Kunze, Carlo"]
[Black "Alahmad, Fadi"]
[Result "1/2-1/2"]
[WhiteElo "2267"]
[BlackElo "2131"]
[PlyCount "139"]
[EventDate "2021.10.10"]
[EventType "team-tourn"]
[EventRounds "11"]
[EventCountry "GER"]
[SourceTitle "EXT 2023"]
[Source "ChessBase"]
[SourceDate "2022.10.05"]
[SourceVersion "1"]
[SourceVersionDate "2022.10.05"]
[SourceQuality "1"]
[WhiteTeam "Plauen Koenig"]
[BlackTeam "Leipzig VfB"]
[WhiteTeamCountry "GER"]
[BlackTeamCountry "GER"]

1. d4 Nf6 2. c4 e6 3. Nc3 d5 4. Bg5 Be7 5. e3 h6 6. Bh4 0-0 7. Nf3 Ne4 8. Bxe7 Qxe7 9. Qc2 Nxc3 10. Qxc3 Nc6 11. Be2 dxc4 12. Bxc4 Qb4 13. Rc1 Bd7 14. Qxb4 Nxb4 15. a3 Nc6 16. Bb5 Rac8 17. 0-0 a6 18. Be2 Rfd8 19. Rc5 Ne7 20. Rfc1 c6 21. Ne5 Be8 22. R5c3 f6 23. Nd3 b6 24. Rb3 Rb8 25. Bf3 a5 26. Be4 Bf7 27. Rbc3 Be8 28. b4 Nd5 29. Rb3 a4 30. Rb2 Kf7 31. Rbc2 Rb7 32. Nb2 Ra7 33. Nc4 Rb7 34. Rd2 Ke7 35. Kf1 g5 36. Ke1 Ra8 37. g3 Rc8 38. Bf3 f5 39. Ne5 b5 40. Bxd5 exd5 41. Ke2 Kd6 42. f3 Rg7 43. Rh1 Rcc7 44. Rdd1 h5 45. Rdg1 Rg8 46. h4 Rcg7 47. hxg5 Rxg5 48. Kf2 R5g7 49. Rh3 Ke6 50. Nd3 Kf6 51. Nf4 Rh8 52. Rh4 Bf7 53. Rgh1 Rgh7 54. Nd3 Be8 55. Ne5 Ke6 56. Rc1 Kd6 57. Nd3 Rg7 58. Rch1 Rgh7 59. Nf4 Ke7 60. g4 fxg4 61. fxg4 Kf6 62. gxh5 Kg5 63. Kf3 Kf5 64. R4h3 Rh6 65. Ne2 Rf8 66. Rh4 Kg5+ 67. Nf4 Kf5 68. Rg4 Rfh8 69. Rgh4 Rf8 70. Rg4 1/2-1/2

[Event "Oberliga Ost-A 1920"]
[Site "Germany"]
[Date "2020.03.01"]
[Round "9.3"]
[White "Kunze, Carlo"]
[Black "Noack, Marcel"]
[Result "1-0"]
[WhiteElo "2259"]
[BlackElo "2028"]
[PlyCount "83"]
[EventDate "2019.09.29"]
[EventType "team-tourn"]
[EventRounds "11"]
[EventCountry "GER"]
[SourceTitle "EXT 2023"]
[Source "ChessBase"]
[SourceDate "2022.10.05"]
[SourceVersion "1"]
[SourceVersionDate "2022.10.05"]
[SourceQuality "1"]
[WhiteTeam "Plauen Koenig"]
[BlackTeam "Magdeburg Aufbau Elbe II"]
[WhiteTeamCountry "GER"]
[BlackTeamCountry "GER"]

1. d4 Nf6 2. c4 g6 3. Nc3 Bg7 4. e4 d6 5. Be2 0-0 6. Nf3 e5 7. d5 a5 8. Bg5 h6 9. Bh4 Qe8 10. Nd2 Na6 11. 0-0 Nd7 12. f3 Nb6 13. b3 Bd7 14. a3 Nc5 15. Qc2 f5 16. b4 Nca4 17. Nb5 Bxb5 18. cxb5 Qd7 19. Rfc1 Rfc8 20. Nb3 axb4 21. axb4 f4 22. Na5 Rab8 23. Ra2 Bf8 24. Qd3 Ra8 25. Bd1 Nc5 26. bxc5 dxc5 27. Bb3 c4 28. Bxc4 Bb4 29. Nxb7 Rcb8 30. Rxa8 Nxa8 31. d6+ Kg7 32. dxc7 Qxc7 33. Nd8 Qa7+ 34. Bf2 Qa3 35. Qxa3 Bxa3 36. Rd1 Kf6 37. Nc6 Rc8 38. Bd5 Nc7 39. b6 Na6 40. Ra1 Nb4 41. Rxa3 Nxc6 42. Rc3 1-0

[Event "Oberliga Ost-A 1920"]
[Site "Germany"]
[Date "2019.12.08"]
[Round "5.4"]
[White "Schultz, Andreas"]
[Black "Kunze, Carlo"]
[Result "1-0"]
[WhiteElo "2189"]
[BlackElo "2259"]
[PlyCount "85"]
[EventDate "2019.09.29"]
[EventType "team-tourn"]
[EventRounds "11"]
[EventCountry "GER"]
[SourceTitle "EXT 2021"]
[Source "ChessBase"]
[SourceDate "2020.10.23"]
[SourceVersion "1"]
[SourceVersionDate "2020.10.23"]
[SourceQuality "1"]
[WhiteTeam "Leipzig SG II"]
[BlackTeam "Plauen Koenig"]
[WhiteTeamCountry "GER"]
[BlackTeamCountry "GER"]

1. d4 Nf6 2. c4 d6 3. Nf3 Nbd7 4. Nc3 e5 5. g3 Be7 6. Bg2 0-0 7. 0-0 c6 8. e4 a6 9. a4 a5 10. h3 Re8 11. Be3 Qc7 12. Qc2 exd4 13. Nxd4 Nc5 14. Rad1 g6 15. Rfe1 Bf8 16. f4 Qb6 17. b3 Bg7 18. Rb1 Bd7 19. Bf2 Re7 20. e5 dxe5 21. Rxe5 Rxe5 22. fxe5 Nh5 23. Ne4 Bxe5 24. Nxc5 Qxc5 25. Nxc6 Bf5 26. Qxf5 gxf5 27. Bxc5 bxc6 28. Bxc6 Rc8 29. Re1 Bc3 30. Re8+ Rxe8 31. Bxe8 Nxg3 32. Kg2 Ne4 33. Be3 Bb4 34. Kf3 Nc5 35. Bxc5 Bxc5 36. Bd7 h6 37. Bxf5 Kf8 38. Ke4 Ke7 39. Kd5 Bb4 40. c5 Be1 41. Kc6 Kd8 42. Kb7 Bg3 43. b4 1-0

[Event "Oberliga Ost-A 1920"]
[Site "Germany"]
[Date "2019.11.17"]
[Round "3.3"]
[White "Puls, Thomas"]
[Black "Kunze, Carlo"]
[Result "1/2-1/2"]
[WhiteElo "2174"]
[BlackElo "2259"]
[PlyCount "34"]
[EventDate "2019.09.29"]
[EventType "team-tourn"]
[EventRounds "11"]
[EventCountry "GER"]
[SourceTitle "EXT 2021"]
[Source "ChessBase"]
[SourceDate "2020.10.23"]
[SourceVersion "1"]
[SourceVersionDate "2020.10.23"]
[SourceQuality "1"]
[WhiteTeam "Halle USV"]
[BlackTeam "Plauen Koenig"]
[WhiteTeamCountry "GER"]
[BlackTeamCountry "GER"]

1. e4 d6 2. d4 Nf6 3. Nc3 e5 4. Nge2 Be7 5. g3 0-0 6. Bg2 c6 7. 0-0 b5 8. a3 Nbd7 9. h3 Bb7 10. g4 Ne8 11. Ng3 Bg5 12. d5 Bxc1 13. Rxc1 g6 14. Qd2 Nb6 15. Rcd1 Rc8 16. Kh2 a6 17. Qc1 Qe7 1/2-1/2

[Event "Oberliga Ost-A 1920"]
[Site "Germany"]
[Date "2019.09.29"]
[Round "1.3"]
[White "Beyer, Christof"]
[Black "Kunze, Carlo"]
[Result "1/2-1/2"]
[WhiteElo "2013"]
[BlackElo "2259"]
[PlyCount "54"]
[EventDate "2019.09.29"]
[EventType "team-tourn"]
[EventRounds "11"]
[EventCountry "GER"]
[SourceTitle "EXT 2021"]
[Source "ChessBase"]
[SourceDate "2020.10.23"]
[SourceVersion "1"]
[SourceVersionDate "2020.10.23"]
[SourceQuality "1"]
[WhiteTeam "Plauen Koenig II"]
[BlackTeam "Plauen Koenig"]
[WhiteTeamCountry "GER"]
[BlackTeamCountry "GER"]

1. e4 d6 2. d4 Nf6 3. Nc3 e5 4. Nf3 Nbd7 5. Bc4 Be7 6. 0-0 0-0 7. a4 c6 8. Re1 b6 9. Ba2 a6 10. h3 Bb7 11. Be3 b5 12. axb5 axb5 13. b4 Qc7 14. Qd3 exd4 15. Nxd4 Ne5 16. Qe2 Rfe8 17. f4 Ng6 18. Qd3 Bf8 19. Nf3 Nh5 20. Ne2 c5 21. Bd5 Bxd5 22. exd5 Rxa1 23. Rxa1 Nf6 24. Nc3 cxb4 25. Nxb5 Qb7 26. c4 bxc3 27. Nxc3 Ra8 1/2-1/2

[Event "BL2-Ost 1819"]
[Site "Germany"]
[Date "2018.12.16"]
[Round "4.3"]
[White "Enders, Peter"]
[Black "Kunze, Carlo"]
[Result "1-0"]
[WhiteElo "2438"]
[BlackElo "2253"]
[PlyCount "43"]
[EventDate "2018.11.10"]
[EventType "team-tourn"]
[EventRounds "10"]
[EventCountry "GER"]
[SourceTitle "CBM 190 Extra"]
[Source "ChessBase"]
[SourceDate "2019.07.15"]
[SourceVersion "1"]
[SourceVersionDate "2019.07.15"]
[SourceQuality "1"]
[WhiteTeam "Erfurt"]
[BlackTeam "Plauen Koenig"]
[WhiteTeamCountry "GER"]
[BlackTeamCountry "GER"]

1. b3 e5 2. Bb2 Nc6 3. e3 Nf6 4. Nf3 e4 5. Nd4 Nxd4 6. Bxd4 d5 7. c4 dxc4 8. Bxc4 Be7 9. Nc3 0-0 10. 0-0 Bf5 11. f3 Bg6 12. Nxe4 Nxe4 13. fxe4 Bxe4 14. Qg4 Bg6 15. Rf5 Qc8 16. Raf1 Bf6 17. Bxf6 gxf6 18. Qg3 Kh8 19. Rxf6 Qe8 20. Qxc7 Rc8 21. Qf4 b5 22. Bxf7 1-0

[Event "BL2-Ost 1819"]
[Site "Germany"]
[Date "2018.11.11"]
[Round "2.4"]
[White "Kunze, Carlo"]
[Black "Weiss, Christian"]
[Result "1/2-1/2"]
[WhiteElo "2253"]
[BlackElo "2377"]
[PlyCount "41"]
[EventDate "2018.11.10"]
[EventType "team-tourn"]
[EventRounds "10"]
[EventCountry "GER"]
[SourceTitle "CBM 190 Extra"]
[Source "ChessBase"]
[SourceDate "2019.07.15"]
[SourceVersion "1"]
[SourceVersionDate "2019.07.15"]
[SourceQuality "1"]
[WhiteTeam "Plauen Koenig"]
[BlackTeam "Passau"]
[WhiteTeamCountry "GER"]
[BlackTeamCountry "GER"]

1. d4 Nf6 2. Nf3 e6 3. Bg5 h6 4. Bh4 d6 5. e3 g5 6. Bg3 Nh5 7. Bd3 Nd7 8. c3 Bg7 9. 0-0 Nxg3 10. fxg3 Qe7 11. Nfd2 h5 12. Na3 g4 13. Qe2 Nf6 14. Rf2 Bd7 15. e4 0-0-0 16. e5 dxe5 17. Qxe5 Ne8 18. Qe2 Nd6 19. Nac4 Nxc4 20. Bxc4 Kb8 21. Raf1 1/2-1/2

[Event "BL2-Ost 1819"]
[Site "Germany"]
[Date "2018.11.10"]
[Round "1.4"]
[White "Mischustov, Michael"]
[Black "Kunze, Carlo"]
[Result "1/2-1/2"]
[WhiteElo "2333"]
[BlackElo "2253"]
[PlyCount "34"]
[EventDate "2018.11.10"]
[EventType "team-tourn"]
[EventRounds "10"]
[EventCountry "GER"]
[SourceTitle "CBM 190 Extra"]
[Source "ChessBase"]
[SourceDate "2019.07.15"]
[SourceVersion "1"]
[SourceVersionDate "2019.07.15"]
[SourceQuality "1"]
[WhiteTeam "Nuernberg NT"]
[BlackTeam "Plauen Koenig"]
[WhiteTeamCountry "GER"]
[BlackTeamCountry "GER"]

1. e4 d6 2. d4 Nf6 3. Nc3 Nbd7 4. g3 e5 5. Nge2 Be7 6. Bg2 0-0 7. 0-0 c6 8. h3 b5 9. a3 Bb7 10. Re1 a6 11. b3 Qc7 12. Bb2 Rad8 13. Qd2 Rfe8 14. Rad1 Bf8 15. g4 h6 16. Ng3 exd4 17. Qxd4 d5 1/2-1/2

[Event "Oberliga Ost-A 1718"]
[Site "Germany"]
[Date "2018.04.15"]
[Round "11.4"]
[White "Hutsch, Oliver"]
[Black "Kunze, Carlo"]
[Result "1/2-1/2"]
[WhiteElo "2161"]
[BlackElo "2235"]
[PlyCount "152"]
[EventDate "2017.10.22"]
[EventType "team-tourn"]
[EventRounds "11"]
[EventCountry "GER"]
[SourceTitle "EXT 2019"]
[Source "ChessBase"]
[SourceDate "2018.10.10"]
[SourceVersion "1"]
[SourceVersionDate "2018.10.10"]
[SourceQuality "1"]
[WhiteTeam "Dresden Gruen Weiss"]
[BlackTeam "Plauen Koenig"]
[WhiteTeamCountry "GER"]
[BlackTeamCountry "GER"]

1. d4 Nf6 2. g3 d5 3. Bg2 c6 4. Nf3 Bg4 5. 0-0 Nbd7 6. Ne5 Bf5 7. Nd3 e6 8. b3 Be7 9. a4 0-0 10. c4 Re8 11. Bb2 Qc7 12. Nc3 Rad8 13. f3 dxc4 14. bxc4 e5 15. e3 exd4 16. exd4 Nb6 17. Ne4 Nxc4 18. Qc1 Nxb2 19. Qxb2 Qb6 20. a5 Qxd4+ 21. Qxd4 Rxd4 22. Ndf2 b5 23. axb6 axb6 24. Ra6 Nd5 25. Rc1 c5 26. Bf1 Rb8 27. Ra7 Kf8 28. Bb5 Be6 29. Nd3 Nb4 30. Nf4 Bf5 31. Ne2 Rdd8 32. N2c3 Ra8 33. Rb7 Rdb8 34. Rxb8+ Rxb8 35. Ra1 Be6 36. Ra7 f5 37. Nd2 Rd8 38. Nc4 Nc6 39. Rc7 Nd4 40. Nxb6 Nxb5 41. Nxb5 Rd1+ 42. Kg2 Rd2+ 43. Kg1 c4 44. Nxc4 Rd5 45. Nca3 f4 46. Nc3 Bc5+ 47. Kh1 Re5 48. Nc2 fxg3 49. Ne4 Be7 50. hxg3 Bd5 51. Nd4 Bxe4 52. fxe4 Rxe4 53. Nf5 g6 54. Nxe7 Rxe7 55. Rc2 Kg7 56. Kg2 h5 57. Rc5 Kf6 58. Rb5 Re5 59. Rb6+ Kf5 60. Kf3 Ra5 61. Rb4 Rd5 62. Rf4+ Kg5 63. Rb4 Rd3+ 64. Kg2 Kf5 65. Rb5+ Ke4 66. Rb4+ Ke3 67. Rb6 Rd2+ 68. Kh3 g5 69. Rf6 g4+ 70. Kh4 Rh2+ 71. Kg5 Rf2 72. Rb6 Rh2 73. Rb3+ Ke4 74. Ra3 Rh3 75. Rb3 Rh2 76. Ra3 Rh3 1/2-1/2

[Event "Oberliga Ost-A 1718"]
[Site "Germany"]
[Date "2018.03.18"]
[Round "9.4"]
[White "Kunze, Carlo"]
[Black "Kesik, Klaus Dieter"]
[Result "1-0"]
[WhiteElo "2235"]
[BlackElo "2222"]
[PlyCount "81"]
[EventDate "2017.10.22"]
[EventType "team-tourn"]
[EventRounds "11"]
[EventCountry "GER"]
[SourceTitle "EXT 2019"]
[Source "ChessBase"]
[SourceDate "2018.10.10"]
[SourceVersion "1"]
[SourceVersionDate "2018.10.10"]
[SourceQuality "1"]
[WhiteTeam "Plauen Koenig"]
[BlackTeam "Hoyerswerda"]
[WhiteTeamCountry "GER"]
[BlackTeamCountry "GER"]

1. d4 Nf6 2. Nf3 g6 3. g3 Bg7 4. Bg2 0-0 5. 0-0 d6 6. Nc3 c6 7. e4 Bg4 8. Be3 Qd7 9. Re1 Bh3 10. e5 Bxg2 11. Kxg2 Nd5 12. Nxd5 cxd5 13. exd6 Qxd6 14. Bf4 Qd8 15. c3 Nc6 16. h4 f6 17. Qd3 Qd7 18. h5 g5 19. h6 Bh8 20. Bd2 Rae8 21. Rad1 Rf7 22. Bc1 Qg4 23. Qb5 e6 24. Re2 a6 25. Qd3 Qh5 26. Rde1 Rfe7 27. b3 Qxh6 28. Ba3 Rf7 29. Rxe6 Rxe6 30. Rxe6 Bg7 31. Qf5 Bf8 32. Bxf8 Kxf8 33. Qxd5 Qh5 34. Qf5 Qg6 35. Qc5+ Kg7 36. d5 Qf5 37. c4 h5 38. Qe3 Na7 39. Qxa7 h4 40. Qe3 Qb1 41. gxh4 1-0

[Event "Oberliga Ost-A 1718"]
[Site "Germany"]
[Date "2018.02.25"]
[Round "8.3"]
[White "Kunze, Carlo"]
[Black "Mueller, Richard"]
[Result "1/2-1/2"]
[WhiteElo "2235"]
[BlackElo "2161"]
[PlyCount "31"]
[EventDate "2017.10.22"]
[EventType "team-tourn"]
[EventRounds "11"]
[EventCountry "GER"]
[SourceTitle "EXT 2019"]
[Source "ChessBase"]
[SourceDate "2018.10.10"]
[SourceVersion "1"]
[SourceVersionDate "2018.10.10"]
[SourceQuality "1"]
[WhiteTeam "Plauen Koenig"]
[BlackTeam "Coswig TuS"]
[WhiteTeamCountry "GER"]
[BlackTeamCountry "GER"]

1. d4 d5 2. c4 e6 3. Nc3 c6 4. cxd5 cxd5 5. Nf3 Nc6 6. Bf4 Bd6 7. Bxd6 Qxd6 8. e3 Nf6 9. Bd3 0-0 10. 0-0 Bd7 11. a3 Rac8 12. Rc1 Na5 13. Qe2 a6 14. Ne5 b5 15. f4 g6 16. Rc2 1/2-1/2

[Event "BL2-Ost 1617"]
[Site "Germany"]
[Date "2017.03.19"]
[Round "10.1"]
[White "Braeuer, Franz"]
[Black "Kunze, Carlo"]
[Result "1-0"]
[WhiteElo "2414"]
[BlackElo "2284"]
[PlyCount "97"]
[EventDate "2016.10.14"]
[EventType "team-tourn"]
[EventRounds "10"]
[EventCountry "GER"]
[SourceTitle "CBM 177 Extra"]
[Source "ChessBase"]
[SourceDate "2017.04.27"]
[SourceVersion "1"]
[SourceVersionDate "2017.04.27"]
[SourceQuality "1"]
[WhiteTeam "Erfurt"]
[BlackTeam "Koenig Plauen"]
[WhiteTeamCountry "GER"]
[BlackTeamCountry "GER"]

1. Nf3 Nf6 2. c4 c5 3. Nc3 b6 4. g3 Bb7 5. Bg2 e6 6. 0-0 Be7 7. d4 cxd4 8. Qxd4 d6 9. Rd1 a6 10. b3 0-0 11. Ba3 Ne8 12. Qd3 Qc7 13. Ne4 d5 14. Neg5 Nf6 15. Bxe7 Qxe7 16. cxd5 exd5 17. Nd4 Nbd7 18. Nf5 Qa3 19. Qd4 Rfe8 20. Ne3 h6 21. Nh3 Re5 22. Nf4 Rae8 23. Nfxd5 Bxd5 24. Bxd5 Nxd5 25. Nc4 Qc5 26. Nxe5 Rxe5 27. f4 Rh5 28. Qxc5 Nxc5 29. g4 Rh4 30. Rxd5 Rxg4+ 31. Kh1 Rxf4 32. Rd6 Rb4 33. Rad1 Ne6 34. Rc6 a5 35. Rd5 Re4 36. Rc2 a4 37. Rb5 axb3 38. axb3 Re3 39. Rxb6 Nd4 40. Rb2 Nxe2 41. Rb8+ Kh7 42. b4 Nf4 43. Rb1 Re2 44. b5 Ng2 45. Kg1 Nh4 46. Rb3 g5 47. b6 g4 48. b7 Nf3+ 49. Kf1 1-0

[Event "BL2-Ost 1617"]
[Site "Germany"]
[Date "2017.02.18"]
[Round "7.5"]
[White "Kunze, Carlo"]
[Black "Koepke, Elena"]
[Result "0-1"]
[WhiteElo "2284"]
[BlackElo "2340"]
[PlyCount "110"]
[EventDate "2016.10.14"]
[EventType "team-tourn"]
[EventRounds "10"]
[EventCountry "GER"]
[SourceTitle "CBM 177 Extra"]
[Source "ChessBase"]
[SourceDate "2017.04.27"]
[SourceVersion "1"]
[SourceVersionDate "2017.04.27"]
[SourceQuality "1"]
[WhiteTeam "Koenig Plauen"]
[BlackTeam "Garching"]
[WhiteTeamCountry "GER"]
[BlackTeamCountry "GER"]

1. d4 d5 2. c4 dxc4 3. Nf3 Nf6 4. e3 Bg4 5. Bxc4 e6 6. h3 Bh5 7. Nbd2 a6 8. a3 Bd6 9. e4 Be7 10. e5 Nd5 11. 0-0 Nc6 12. g4 Bg6 13. Re1 Nb6 14. Bf1 Nxd4 15. Nxd4 Qxd4 16. Qe2 Rd8 17. Bg2 Nd5 18. Ne4 Qxe5 19. Qc4 c6 20. Bd2 Qc7 21. h4 h6 22. h5 Bxe4 23. Rxe4 Qb6 24. b4 Nf6 25. Be3 Qb5 26. Rd4 Qxc4 27. Rxc4 Nd5 28. Bc5 Rd7 29. a4 0-0 30. Rb1 Rfd8 31. Bf3 Kf8 32. Bd4 Bf6 33. Bc5+ Ke8 34. b5 cxb5 35. axb5 Rc8 36. bxa6 bxa6 37. Rbc1 Rdc7 38. Be2 Kd7 39. Bd1 Be7 40. Ba4+ Kd8 41. Bxe7+ Kxe7 42. Rxc7+ Rxc7 43. Ra1 Rc5 44. Bd1 a5 45. Kg2 Kf6 46. Rb1 Nc3 47. Ra1 Nxd1 48. Rxd1 a4 49. Ra1 Ra5 50. Ra3 Ke5 51. Kf3 Kd4 52. Ke2 Kc4 53. Kd2 Kb4 54. Ra1 a3 55. Kc2 Rc5+ 0-1

[Event "BL2-Ost 1617"]
[Site "Germany"]
[Date "2016.11.19"]
[Round "3.2"]
[White "Prohaszka, Peter"]
[Black "Kunze, Carlo"]
[Result "1-0"]
[WhiteElo "2591"]
[BlackElo "2284"]
[PlyCount "47"]
[EventDate "2016.10.14"]
[EventType "team-tourn"]
[EventRounds "10"]
[EventCountry "GER"]
[SourceTitle "CBM 177 Extra"]
[Source "ChessBase"]
[SourceDate "2017.04.27"]
[SourceVersion "1"]
[SourceVersionDate "2017.04.27"]
[SourceQuality "1"]
[WhiteTeam "Nickelhuette Aue"]
[BlackTeam "Koenig Plauen"]
[WhiteTeamCountry "GER"]
[BlackTeamCountry "GER"]

1. d4 Nf6 2. Nf3 d6 3. g3 Nbd7 4. c4 e5 5. Nc3 Be7 6. Bg2 0-0 7. 0-0 c6 8. Qc2 Qc7 9. Rd1 Re8 10. h3 exd4 11. Nxd4 Bf8 12. e4 g6 13. Be3 a5 14. Na4 Nc5 15. Nxc5 dxc5 16. Ne2 Qe7 17. Nc3 Be6 18. b3 Nd7 19. f4 Bg7 20. Rac1 a4 21. Nxa4 Bf5 22. Bf2 b5 23. cxb5 cxb5 24. Nxc5 1-0

[Event "BL2-Ost 1617"]
[Site "Germany"]
[Date "2016.10.14"]
[Round "6.2"]
[White "Karpatchev, Aleksandr"]
[Black "Kunze, Carlo"]
[Result "1-0"]
[WhiteElo "2463"]
[BlackElo "2284"]
[PlyCount "59"]
[EventDate "2016.10.14"]
[EventType "team-tourn"]
[EventRounds "10"]
[EventCountry "GER"]
[SourceTitle "CBM 177 Extra"]
[Source "ChessBase"]
[SourceDate "2017.04.27"]
[SourceVersion "1"]
[SourceVersionDate "2017.04.27"]
[SourceQuality "1"]
[WhiteTeam "Bad Mergentheim"]
[BlackTeam "Koenig Plauen"]
[WhiteTeamCountry "GER"]
[BlackTeamCountry "GER"]

1. e4 d6 2. d4 Nf6 3. Nc3 Nbd7 4. Nf3 e5 5. Bc4 Be7 6. 0-0 0-0 7. a4 c6 8. Re1 b6 9. Ba2 a6 10. h3 Rb8 11. Be3 b5 12. axb5 axb5 13. b4 Qc7 14. Qd3 exd4 15. Nxd4 Ne5 16. Qe2 Re8 17. f4 Ng6 18. Qd3 Bf8 19. Bb3 Bd7 20. Nf3 d5 21. Ra7 Qc8 22. f5 dxe4 23. Nxe4 Rxe4 24. fxg6 Bf5 25. Rxf7 Rc4 26. Bxc4 bxc4 27. Rxf8+ Kxf8 28. Qxc4 Nd5 29. gxh7 Bxh7 30. Ne5 1-0

[Event "Oberliga Ost-A 1516"]
[Site "Germany"]
[Date "2015.11.15"]
[Round "4.1"]
[White "Kunze, Carlo"]
[Black "Heyder, Florian"]
[Result "1/2-1/2"]
[WhiteElo "2296"]
[BlackElo "2230"]
[PlyCount "84"]
[EventDate "2015.09.20"]
[EventType "team-tourn"]
[EventRounds "11"]
[EventCountry "GER"]
[SourceTitle "EXT 2017"]
[Source "ChessBase"]
[SourceDate "2016.10.25"]
[SourceVersion "1"]
[SourceVersionDate "2016.10.25"]
[SourceQuality "1"]
[WhiteTeam "Plauen Koenig"]
[BlackTeam "Sangerhausen"]
[WhiteTeamCountry "GER"]
[BlackTeamCountry "GER"]

1. c4 Nf6 2. Nf3 g6 3. b3 Bg7 4. Bb2 c6 5. e3 0-0 6. d3 d5 7. Nbd2 Nbd7 8. Be2 Re8 9. 0-0 e5 10. cxd5 cxd5 11. b4 b6 12. Re1 Bb7 13. Bf1 e4 14. Nd4 a6 15. dxe4 dxe4 16. Nc4 Qe7 17. b5 axb5 18. Nxb5 Red8 19. Qc2 Qc5 20. Qb3 Qh5 21. Be2 Qg5 22. Bd4 Nc5 23. Qb1 Nd3 24. Rf1 Nd5 25. Bxg7 Kxg7 26. Bxd3 exd3 27. Qb2+ Kg8 28. f4 Qe7 29. e4 Qxe4 30. Nbd6 Qe7 31. Rae1 Qc7 32. Nxb7 Qxb7 33. Ne5 Qa6 34. Ng4 f6 35. Nxf6+ Nxf6 36. Qxf6 b5 37. Qe5 d2 38. Rd1 b4 39. f5 Qd6 40. Qxd6 Rxd6 41. fxg6 hxg6 42. Rf4 Rxa2 1/2-1/2

[Event "Oberliga Ost-A 1516"]
[Site "Germany"]
[Date "2015.09.20"]
[Round "1.2"]
[White "Kunze, Carlo"]
[Black "Jurasek, Miroslav"]
[Result "1-0"]
[WhiteElo "2296"]
[BlackElo "2282"]
[PlyCount "67"]
[EventDate "2015.09.20"]
[EventType "team-tourn"]
[EventRounds "11"]
[EventCountry "GER"]
[SourceTitle "EXT 2017"]
[Source "ChessBase"]
[SourceDate "2016.10.25"]
[SourceVersion "1"]
[SourceVersionDate "2016.10.25"]
[SourceQuality "1"]
[WhiteTeam "Plauen Koenig"]
[BlackTeam "Aue Nickelhuette II"]
[WhiteTeamCountry "GER"]
[BlackTeamCountry "GER"]

1. c4 c5 2. Nf3 g6 3. d3 Bg7 4. e3 e5 5. Be2 Nc6 6. 0-0 Nge7 7. Nbd2 0-0 8. a3 a5 9. Rb1 d5 10. cxd5 Nxd5 11. Qc2 b6 12. Ne4 Nc7 13. b3 Be6 14. Bb2 Qd5 15. Ned2 Rab8 16. Rbc1 Rfd8 17. Rfd1 Qd7 18. Qb1 Qe7 19. Qa1 Bf5 20. Ne1 g5 21. Bf3 Bd7 22. Nc4 Re8 23. g3 g4 24. Bg2 Qg5 25. Nc2 Re6 26. d4 cxd4 27. exd4 e4 28. N2e3 Rh6 29. d5 Bxb2 30. Qxb2 Nd8 31. Ne5 Bc8 32. Rxc7 Qh5 33. Rxc8 Rxc8 34. N5xg4 1-0

[Event "Oberliga Ost-A 1415"]
[Site "Germany"]
[Date "2015.03.15"]
[Round "9.1"]
[White "Kunze, Carlo"]
[Black "Zwahr, Paul"]
[Result "0-1"]
[WhiteElo "2301"]
[BlackElo "2362"]
[PlyCount "80"]
[EventDate "2014.09.21"]
[EventType "team-tourn"]
[EventRounds "11"]
[EventCountry "GER"]
[SourceTitle "EXT 2016"]
[Source "ChessBase"]
[SourceDate "2015.10.08"]
[SourceVersion "1"]
[SourceVersionDate "2015.10.08"]
[SourceQuality "1"]
[WhiteTeam "Chemnitz USG"]
[BlackTeam "Dresden Gruen Weiss"]
[WhiteTeamCountry "GER"]
[BlackTeamCountry "GER"]

1. d4 Nf6 2. c4 g6 3. Nc3 Bg7 4. e4 d6 5. Be2 0-0 6. Nf3 e5 7. d5 a5 8. Bg5 h6 9. Bh4 Na6 10. Nd2 Qe8 11. 0-0 Bd7 12. b3 Nh7 13. f3 h5 14. a3 Bh6 15. Rb1 Be3+ 16. Bf2 Bc5 17. Bxc5 Nxc5 18. b4 axb4 19. axb4 Na4 20. Qc2 Qe7 21. Ra1 Nxc3 22. Qxc3 Qg5 23. Rfe1 h4 24. Nb3 f5 25. exf5 gxf5 26. Qd2 Qg7 27. f4 Rxa1 28. Rxa1 exf4 29. Qd4 Qe5 30. Qxe5 dxe5 31. Nc5 Nf6 32. Ra7 Bc8 33. Nxb7 Bxb7 34. Rxb7 Ra8 35. Bf3 Ne4 36. Bxe4 fxe4 37. Rxc7 e3 38. Kf1 h3 39. Re7 Ra1+ 40. Ke2 hxg2 0-1

[Event "Oberliga Ost-A 1415"]
[Site "Germany"]
[Date "2015.02.22"]
[Round "8.1"]
[White "Tuma, Jakub"]
[Black "Kunze, Carlo"]
[Result "0-1"]
[WhiteElo "2355"]
[BlackElo "2301"]
[PlyCount "88"]
[EventDate "2014.09.21"]
[EventType "team-tourn"]
[EventRounds "11"]
[EventCountry "GER"]
[SourceTitle "EXT 2016"]
[Source "ChessBase"]
[SourceDate "2015.10.08"]
[SourceVersion "1"]
[SourceVersionDate "2015.10.08"]
[SourceQuality "1"]
[WhiteTeam "Magdeburg Rochade"]
[BlackTeam "Chemnitz USG"]
[WhiteTeamCountry "GER"]
[BlackTeamCountry "GER"]

1. e4 c5 2. Nf3 a6 3. c4 d6 4. d4 cxd4 5. Nxd4 Nf6 6. Nc3 e6 7. Be3 Nbd7 8. Be2 Be7 9. 0-0 0-0 10. a3 Qc7 11. b4 b6 12. Rc1 Bb7 13. f3 Rfe8 14. Qe1 Rac8 15. Qf2 Qb8 16. Rfd1 Bd8 17. g4 Ne5 18. g5 Nfd7 19. Qf1 Bc7 20. f4 Nc6 21. Nb3 Rcd8 22. Bf3 Ne7 23. Bg2 Ng6 24. Ne2 f6 25. gxf6 Nxf6 26. Ng3 Ng4 27. Bd2 b5 28. Qe2 Nf6 29. cxb5 axb5 30. Rf1 Bb6+ 31. Kh1 Nh4 32. Bc3 Nxg2 33. Qxg2 Kh8 34. Bd4 Ba8 35. Rce1 Rc8 36. Bb2 Rc4 37. Re2 Qc7 38. Rfe1 Rc8 39. Nd2 Rc2 40. Nf3 Rxe2 41. Rxe2 Qc4 42. Ng5 e5 43. fxe5 dxe5 44. Nf5 Qc1+ 0-1